[Event "Magistral Memorial Jorge Szmetan 2017"]
[Site "Buenos Aires, ARG"]
[Date "2017.04.18"]
[Round "2.1"]
[White "Granda Zuniga, Julio E"]
[Black "Hoffman, Alejandro"]
[Result "1-0"]
[WhiteElo "2658"]
[BlackElo "2488"]
[PlyCount "147"]
[EventDate "2017.04.16"]
[EventType "tourn"]
[EventRounds "11"]
[EventCountry "ARG"]
[EventCategory "11"]
[SourceTitle "Ajedrez en Madrid"]
[Source "lmi"]
[SourceDate "2017.04.16"]
[SourceVersion "1"]
[SourceVersionDate "2017.04.24"]
[SourceQuality "1"]

1. Nf3 g6 2. d4 Bg7 3. e4 c5 4. d5 d6 5. h3 Nf6 6. Nc3 O-O 7. a4 e6 8. Be2 exd5
9. exd5 Na6 10. Nd2 Nb4 11. Nc4 Re8 12. Ne3 b6 13. O-O Ba6 14. Nb5 Bb7 15. Bf3
Bf8 16. b3 Nd7 17. Bb2 Ne5 18. Be2 Bg7 19. Rb1 f5 20. f4 Nf7 21. Bxg7 Kxg7 22.
Rf3 a6 23. Nc3 Qf6 24. Qd2 Re7 25. Rd1 Rae8 26. Bf1 h5 27. Nc4 g5 28. fxg5 Nxg5
29. Rf4 Ne4 30. Nxe4 Rxe4 31. Nxb6 Rxf4 32. Qxf4 Nxc2 33. Nc4 Rd8 34. Na5 Rd7
35. Nc6 Rc7 36. Qd2 Bxc6 37. dxc6 Nd4 38. Bxa6 Rxc6 39. Bc4 Rc7 40. Bd5 Re7 41.
Re1 Re5 42. Rxe5 Qxe5 43. Qg5+ Kf8 44. Qd8+ Kg7 45. Qg5+ Kf8 46. Bc4 Ne2+ 47.
Bxe2 Qxe2 48. Qxf5+ Ke7 49. Kh2 Qd2 50. h4 d5 51. Qe5+ Kd7 52. a5 Kc6 53. Qf6+
Kb7 54. Qb6+ Ka8 55. Qxc5 Qf4+ 56. Kg1 d4 57. Qc6+ Ka7 58. Qd7+ Ka8 59. Qd5+
Ka7 60. Qc5+ Ka8 61. Qxh5 Qe3+ 62. Kh2 Qf4+ 63. Kh3 Qe3+ 64. g3 d3 65. Qd5+ Ka7
66. Qd7+ Ka6 67. b4 d2 68. Qc6+ Ka7 69. b5 d1=Q 70. Qc7+ Ka8 71. Qc8+ Ka7 72.
b6+ Qxb6 73. axb6+ Kxb6 74. Qe6+ 1-0

[Event "Magistral Memorial Jorge Szmetan 2017"]
[Site "Buenos Aires, ARG"]
[Date "2017.04.18"]
[Round "2.3"]
[White "Van Riemsdijk, Herman C"]
[Black "Morovic Fernandez, Ivan"]
[Result "1/2-1/2"]
[WhiteElo "2318"]
[BlackElo "2527"]
[PlyCount "104"]
[EventDate "2017.04.16"]
[EventType "tourn"]
[EventRounds "11"]
[EventCountry "ARG"]
[EventCategory "11"]
[SourceTitle "Ajedrez en Madrid"]
[Source "lmi"]
[SourceDate "2017.04.16"]
[SourceVersion "1"]
[SourceVersionDate "2017.04.24"]
[SourceQuality "1"]

1. e4 e5 2. Nf3 Nc6 3. Bb5 a6 4. Ba4 Nf6 5. O-O Be7 6. Re1 b5 7. Bb3 d6 8. c3
O-O 9. d4 Bg4 10. Be3 Bh5 11. h3 exd4 12. cxd4 d5 13. e5 Ne4 14. Nc3 Nxc3 15.
bxc3 Na5 16. Bc2 Nc4 17. Qd3 Bg6 18. Qd1 a5 19. Bxg6 fxg6 20. Nd2 Nxe3 21. Rxe3
c5 22. dxc5 Bxc5 23. Re2 Rc8 24. Nf3 Rf4 25. Qd2 Rc4 26. Rd1 Rxc3 27. Qxd5+
Qxd5 28. Rxd5 Rc1+ 29. Kh2 b4 30. e6 Re8 31. Ne5 Bb6 32. Nd7 Bc7+ 33. g3 Rc6
34. Rc5 Rxc5 35. Nxc5 Kf8 36. Rd2 Re7 37. Kg2 Ke8 38. Rd5 Bb6 39. Na4 Bc7 40.
Nc5 Bb6 41. Na4 Bd8 42. Nc5 Ra7 43. Na4 Ra6 44. Nc5 Rb6 45. Kf3 Be7 46. Na4
Rxe6 47. Rxa5 Rf6+ 48. Ke3 Rc6 49. Nb2 Bc5+ 50. Ke2 Re6+ 51. Kf1 Be7 52. Nd3
Rb6 1/2-1/2

[Event "Magistral Memorial Jorge Szmetan 2017"]
[Site "Buenos Aires, ARG"]
[Date "2017.04.20"]
[Round "4.5"]
[White "Darcyl, Tomas"]
[Black "Sosa, Tomas Valentin"]
[Result "0-1"]
[WhiteElo "2405"]
[BlackElo "2459"]
[PlyCount "64"]
[EventDate "2017.04.16"]
[EventType "tourn"]
[EventRounds "11"]
[EventCountry "ARG"]
[EventCategory "11"]
[SourceTitle "Ajedrez en Madrid"]
[Source "lmi"]
[SourceDate "2017.04.16"]
[SourceVersion "1"]
[SourceVersionDate "2017.04.24"]
[SourceQuality "1"]

1. Nf3 Nf6 2. g3 b5 3. Bg2 Bb7 4. Na3 a6 5. c4 b4 6. Nc2 c5 7. a3 bxa3 8. b3 e6
9. Bxa3 Be7 10. O-O O-O 11. Ne3 d6 12. b4 cxb4 13. Bxb4 a5 14. Ba3 Nbd7 15. d4
Qc7 16. d5 e5 17. Nf5 Rfe8 18. c5 Nxc5 19. Nxe5 Bf8 20. Nc4 Rac8 21. Rc1 Qd8
22. Qd2 Nfe4 23. Qf4 Bxd5 24. f3 Nb3 25. Rcd1 Nc3 26. Qg4 Rxc4 27. f4 Nxe2+ 28.
Kh1 Bxg2+ 29. Kxg2 g6 30. Bxd6 Qc8 31. Rd5 Qc6 32. Rfd1 Ned4 0-1

[Event "Magistral Memorial Jorge Szmetan 2017"]
[Site "Buenos Aires, ARG"]
[Date "2017.04.20"]
[Round "4.6"]
[White "Flores, Diego"]
[Black "Bachmann, Axel"]
[Result "1-0"]
[WhiteElo "2568"]
[BlackElo "2646"]
[PlyCount "37"]
[EventDate "2017.04.16"]
[EventType "tourn"]
[EventRounds "11"]
[EventCountry "ARG"]
[EventCategory "11"]
[SourceTitle "Ajedrez en Madrid"]
[Source "lmi"]
[SourceDate "2017.04.16"]
[SourceVersion "1"]
[SourceVersionDate "2017.04.24"]
[SourceQuality "1"]

1. c4 Nf6 2. g3 e6 3. Bg2 d5 4. Nf3 Be7 5. O-O O-O 6. d4 c6 7. Qc2 Nbd7 8. Bf4
Nh5 9. Bd2 Nhf6 10. Nc3 b6 11. Rfd1 Ba6 12. Ne5 Nxe5 13. dxe5 Nd7 14. cxd5 cxd5
15. Bf4 Qc7 16. Rac1 Kh8 17. Qa4 Nc5 18. Qd4 g5 19. Nxd5 1-0

[Event "Magistral Memorial Jorge Szmetan 2017"]
[Site "Buenos Aires, ARG"]
[Date "2017.04.23"]
[Round "7.6"]
[White "Van Riemsdijk, Herman C"]
[Black "Slipak, Sergio"]
[Result "1/2-1/2"]
[WhiteElo "2318"]
[BlackElo "2465"]
[PlyCount "129"]
[EventDate "2017.04.16"]
[EventType "tourn"]
[EventRounds "11"]
[EventCountry "ARG"]
[EventCategory "11"]
[SourceTitle "Ajedrez en Madrid"]
[Source "lmi"]
[SourceDate "2017.04.16"]

1. e4 e5 2. Nf3 Nc6 3. Bb5 a6 4. Ba4 Nge7 5. c3 g6 6. d4 exd4 7. Nxd4 Bg7 8.
Bg5 O-O 9. O-O h6 10. Nxc6 bxc6 11. Bh4 Rb8 12. Bb3 d5 13. Re1 g5 14. Bg3 Be6
15. exd5 cxd5 16. Nd2 Rb6 17. Be5 c5 18. Bxg7 Kxg7 19. Nf1 Nf5 20. Qd2 c4 21.
Bd1 d4 22. b3 dxc3 23. Qxc3+ Qd4 24. Qxd4+ Nxd4 25. bxc4 Bxc4 26. Nd2 Be6 27.
Nb3 Rd8 28. h3 Nxb3 29. Bxb3 Rd2 30. Re3 Bxb3 31. axb3 Rf6 32. Rf3 Rxf3 33.
gxf3 Rd6 34. Kg2 Rb6 35. Ra5 Kg6 36. Rd5 f6 37. Ra5 h5 38. h4 gxh4 39. f4 Rxb3
40. Rxa6 h3+ 41. Kh2 Rf3 42. Ra2 Kf5 43. Rb2 Kxf4 44. Ra2 f5 45. Ra4+ Kg5 46.
Ra2 Kg4 47. Ra4+ f4 48. Ra2 Rb3 49. Rc2 Rb1 50. Ra2 Rf1 51. Rb2 Kf3 52. Rb3+
Ke2 53. Rb2+ Kf3 54. Rb3+ Kxf2 55. Rxh3 Rg1 56. Rxh5 Rg8 57. Rh7 f3 58. Rh6 Kf1
59. Ra6 Rg2+ 60. Kh3 Re2 61. Kg3 f2 62. Kf3 Re7 63. Ra1+ Re1 64. Ra2 Re7 65.
Rxf2+ 1/2-1/2